000 00654nmm a2200169Ia 4500
008 251105s9999||||xx |||||||||||||||||und||
020 _a9789587813630
041 _aspa
100 _aZapata Villamil, María Isabel
245 0 _aHistoria intelectual y opinión pública en la celebración del bicentenario de la independencia: Los casos de Colombia y México
264 _a[Bogotá, Colombia] :
_bEditorial Pontificia Universidad Javeriana,
_c2019
300 _a282 páginas
490 _aTaller y oficio de la historia
650 _aHistory of the Americas: Latin America
856 _uhttps://public.digitaliapublishing.com/a/68884
942 _cCF
999 _c96327
_d96327